Logo BPK

Biblioteka

Politechniki Koszalińskiej

Metodyka doboru warunków obróbki wiórowej / (Rekord nr 19508)

Szczegóły MARC
000 -ETYKIETA REKORDU
podpole kontrolne o stałej długości 00419nam a2200157 i 4500
001 - NUMER KONTROLNY REKORDU
pole kontrolne bg
040 ## - ŹRÓDŁO KATALOGOWANIA
Instytucja, która utworzyła rekord BPK
041 ## - KOD JĘZYKA
Kod języka tekstu pol
008 - POLE O STAŁEJ DŁUGOŚCI - DANE KONTROLNE
podpole kontrolne o stałej długości s pl f |000 0 pol
100 1# - NAZWA OSOBOWA
Nazwa osobowa PAROL, Adolf
245 #0 - TYTUŁ/ODPOWIEDZIALNOŚĆ
Tytuł Metodyka doboru warunków obróbki wiórowej /
Pozostałe elementy strefy tytułu i oznaczenia odpowiedzialności Adolf Parol, Marian Łozak, Kazimierz Zaleski.
260 ## - STREFA ADRESU WYDAWNICZEGO
Miejsce wydania Lublin,
Data publikacji, dystrybucji/powstania dokumentu 1979.
700 1# - HASŁO DODATKOWE - NAZWA OSOBOWA
Nazwa osobowa ŁOZAK, Marian
700 1# - HASŁO DODATKOWE - NAZWA OSOBOWA
Nazwa osobowa ZALESKI, Kazimierz
856 ## - LOKALIZACJA I DOSTĘP DO ELEKTRONICZNYCH DOKUMENTÓW ZDALNYCH
Link (URL) http://koha.tu.koszalin.pl/cgi-bin/koha/opac-detail.pl?biblionumber=19508
Tekst linku Katalog online BPK
942 ## - DODATKOWE ELEMENTY (KOHA)
Typ dokumentu Książka
Egzemplarze
Wycofany Status egzemplarza Uszkodzony Dostępność Lokalizacja stała Lokalizacja bieżąca Miejsce przechowywania Sygnatura Kod kreskowy Ostatnio wypożyczono Typ dokumentu
      Dostępny Biblioteka Politechniki Koszalińskiej Biblioteka Politechniki Koszalińskiej Wypożyczalnia BG 27476 01166286 22.03.2016 Książka
© 2023 Biblioteka Politechniki Koszalińskiej :: KOHA